Tin học dành cho thư ký văn phòng
Sách gồm 3 phần: Học các kiến thức internet, lập hòm thư và quản lý thư điện tử - Thư ký văn phòng cần biết; Hướng dẫn các kiến thức cơ bản về hệ điều hành Windows XP và Windows Vista; Hướng dẫn làm việc trên phần mềm tin học văn phò...
Na minha lista:
| Formato: | Livro |
|---|---|
| Idioma: | Undetermined |
| Publicado em: |
Hà Nội
Văn hóa Thông tin
2009
|
| Assuntos: | |
| Tags: |
Adicionar Tag
Sem tags, seja o primeiro a adicionar uma tag!
|
| Thư viện lưu trữ: | Trung tâm Học liệu Trường Đại học Cần Thơ |
|---|
| LEADER | 00971nam a2200205Ia 4500 | ||
|---|---|---|---|
| 001 | CTU_155214 | ||
| 008 | 210402s9999 xx 000 0 und d | ||
| 020 | |c 39000 | ||
| 082 | |a 005.5 | ||
| 082 | |b Th550 | ||
| 245 | 0 | |a Tin học dành cho thư ký văn phòng | |
| 245 | 0 | |c Công Thọ, Gia Kiệt (Biên soạn) | |
| 260 | |a Hà Nội | ||
| 260 | |b Văn hóa Thông tin | ||
| 260 | |c 2009 | ||
| 520 | |a Sách gồm 3 phần: Học các kiến thức internet, lập hòm thư và quản lý thư điện tử - Thư ký văn phòng cần biết; Hướng dẫn các kiến thức cơ bản về hệ điều hành Windows XP và Windows Vista; Hướng dẫn làm việc trên phần mềm tin học văn phòng. | ||
| 650 | |a Office practice,Office practice | ||
| 650 | |x Computer programs,Data processing | ||
| 904 | |i Giang | ||
| 980 | |a Trung tâm Học liệu Trường Đại học Cần Thơ | ||